| 000 | 00458pab a2200157 454500 | ||
|---|---|---|---|
| 008 | 180718b1983 xxu||||| |||| 00| 0 eng d | ||
| 100 | _aGolembiewski, Robert T. | ||
| 245 |
_aLessons from a fast - paced public project _bPerspectives on doing better the next time around |
||
| 260 | _c1983 | ||
| 300 | _a547-56 | ||
| 362 | _aNov.-Dec. | ||
| 650 | _aProject Management | ||
| 700 | _aAlan Kiepper | ||
| 773 | _aPublic Administration Review | ||
| 909 | _a16208 | ||
| 999 |
_c16208 _d16208 |
||